Skoczkowie narciarscy, którzy stanęli na podium PŚ min. 40 razy - Statystyki

Ogólne statystyki
  • Ten quiz został rozwiązany 74 razy
  • Średni wynik to 7 z 20
Statystyki odpowiedzi
Hint Odpowiedź % Poprawnych
108 Janne Ahonen
96%
92 Adam Małysz
95%
88 Gregor Schlierenzauer
72%
80 Kamil Stoch
63%
87 Stefan Kraft
63%
80 Simon Ammann
42%
76 Matti Nykanen
37%
76 Thomas Morgenstern
35%
48 Ryoyu Kobayashi
23%
52 Martin Schmitt
21%
57 Peter Prevc
21%
53 Severin Freund
21%
63 Noriaki Kasai
19%
73 Jens Weisflog
12%
40 Sven Hannawald
12%
63 Andreas Goldberger
11%
51 Andreas Felder
7%
49 Andreas Widholzl
5%
42 Ari - Pekka Nikkola
5%
54 Ernst Vettori
4%
Nie znaleziono quizów pasujących do podanych kryteriów
Rozkład punktacji
Procent ludzi z każdym wynikiem
Percentyl według liczby udzielonych odpowiedzi
Twoja historia wyników
Nie rozwiązałeś tego quizu